Discurso del presidente Francisco Flores
El artículo presenta el discurso pronunciado por el Presidente Francisco Flores ante la Asamblea Legislativa, el 2 de junio del 2001, con motivo de su segundo año de gobierno. Los puntos más importantes que se destacan en su labor son: el acceso al crédito para los microempresarios, la rehabilitació...
Uloženo v:
| Médium: | Text |
|---|---|
| Témata: | |
| Tagy: |
Přidat tag
Žádné tagy, Buďte první, kdo vytvoří štítek k tomuto záznamu!
|
MARC
| LEADER | 00000 a a2200000 04500 | ||
|---|---|---|---|
| 001 | 6486 | ||
| 003 | |||
| 040 | |||
| 245 | |a Discurso del presidente Francisco Flores | ||
| 520 | |a El artículo presenta el discurso pronunciado por el Presidente Francisco Flores ante la Asamblea Legislativa, el 2 de junio del 2001, con motivo de su segundo año de gobierno. Los puntos más importantes que se destacan en su labor son: el acceso al crédito para los microempresarios, la rehabilitación de escuelas afectadas por el terremoto, los avances en la educación pública e infraestructura (carreteras y contrucción de vías alternas), el mejoramiento del sistema de agua potable, la política de vivienda y la lucha contra el crimen. /MSD | ||
| 650 | |a PRESIDENCIA | ||
| 650 | |a INFORMES | ||
| 773 | |g volumen 22, número 955; páginas 14-16 | ||
| 999 | |c 31606 |d 31606 | ||
